Epic Rap Battles of History Quiz. - Statistics

General Stats
  • This quiz has been taken 45 times
  • The average score is 7 of 10
Answer Stats
Question Answer % Correct
Which of these was not an Epic Rap Battle of History? Jesus vs Allah
97%
Which of these was not an Epic Rap Battle of History? Mr Beast vs Pewdiepie
94%
Which of these was not an Epic Rap Battle of History? James Bond vs Michael Bay
92%
Which of these was not an Epic Rap Battle of History? Mario vs Sonic
92%
Which of these was not an Epic Rap Battle of History? Mary Poppins vs Maria Rainer
92%
Which of these raps is the newest? Donald Trump vs Kamala Harris
69%
Which of these raps had the most views? Barack Obama vs Mitt Romney
53%
What other rappers were in an Epic Rap Battle of History that weren't one of the main two rappers? (Only one) Link
53%
Which of these raps had the least views? Godzilla vs King Kong
50%
What other rappers were in an Epic Rap Battle of that weren't one of the main two rappers? (Only one) Neville Chamberlain
42%
No matching quizzes found
Score Distribution
Percent of People with Each Score
Percentile by Number Answered
Your Score History
You have not taken this quiz